[Event "VIE-chT"]
[Site "Ho Chi Minh City"]
[Date "2017.07.29"]
[Round "9.37"]
[White "Nguyen, Trong Nhan"]
[Black "Nguyen, Phuoc Sang"]
[Result "1-0"]
[WhiteElo "1347"]
[BlackElo "2001"]
[PlyCount "115"]
[EventDate "2017.07.24"]
[EventType "team-swiss"]
[EventRounds "9"]
[EventCountry "VIE"]
[SourceTitle "EXT 2019"]
[Source "ChessBase"]
[SourceDate "2018.10.10"]
[SourceVersion "1"]
[SourceVersionDate "2018.10.10"]
[SourceQuality "1"]

1. e4 c6 2. d4 d5 3. exd5 cxd5 4. Bd3 Nf6 5. Ne2 e6 6. Bg5 Be7 7. c3 h6 8. Bh4 a6 9. Nd2 Nc6 10. f4 Nh5 11. Bxe7 Qxe7 12. 0-0 g5 13. Qb3 Rg8 14. f5 b5 15. Kh1 Na5 16. Qc2 Nc4 17. Bxc4 bxc4 18. fxe6 Bxe6 19. b3 g4 20. g3 Qg5 21. Nf4 Nxf4 22. Rxf4 h5 23. Re1 h4 24. Qh7 Rg7 25. Qh8+ Rg8 26. Qxh4 Qxh4 27. gxh4 Rh8 28. bxc4 dxc4 29. Rxg4 Kd7 30. Rf4 Rag8 31. Nf3 Bd5 32. Rf5 Kc6 33. Rg1 Re8 34. Rgg5 Bxf3+ 35. Rxf3 Re1+ 36. Kg2 Rxh4 37. Rf6+ Kd7 38. Rxf7+ Ke6 39. Rf2 Rhe4 40. Rc5 Rc1 41. Rxc4 Re3 42. Rf3 Re2+ 43. Rf2 Re3 44. Rc6+ Kd5 45. Rxa6 Rcxc3 46. Ra4 Red3 47. Rf5+ Ke4 48. Re5+ Kf4 49. Re2 Rc7 50. d5+ Kf5 51. Ra5 Rg7+ 52. Kf2 Rh3 53. Ke1 Rgh7 54. d6+ Kf6 55. Ra6 Rd7 56. a4 Kf7 57. a5 Rh6 58. Rd2 1-0

[Event "VIE-chT"]
[Site "Ho Chi Minh City"]
[Date "2017.07.26"]
[Round "4.49"]
[White "Tran, Hoang Denny Dat"]
[Black "Nguyen, Phuoc Sang"]
[Result "1/2-1/2"]
[WhiteElo "2027"]
[BlackElo "2001"]
[PlyCount "20"]
[EventDate "2017.07.24"]
[EventType "team-swiss"]
[EventRounds "9"]
[EventCountry "VIE"]
[SourceTitle "EXT 2019"]
[Source "ChessBase"]
[SourceDate "2018.10.10"]
[SourceVersion "1"]
[SourceVersionDate "2018.10.10"]
[SourceQuality "1"]

1. d4 d5 2. c4 Nf6 3. Nc3 Bf5 4. e3 e6 5. Nf3 c5 6. cxd5 Nxd5 7. Nxd5 Qxd5 8. Bb5+ Nc6 9. 0-0 Bg4 10. h3 Bh5 1/2-1/2